| 000 | 00610nam a22001937a 4500 | ||
|---|---|---|---|
| 003 | OSt | ||
| 005 | 20221209022816.0 | ||
| 008 | 221209b |||||||| |||| 00| 0 eng d | ||
| 020 | _a9781107675100 | ||
| 040 |
_aMMU _beng _cMMU _dMMU |
||
| 050 | _aB 721 .C355 2014 | ||
| 245 |
_aThe Cambridge history of medieval philosophy volume I / _cedited by Robert Pasnau. |
||
| 250 | _aRevised edition. | ||
| 260 |
_aNew york : _bCambridge university press, _c2014. |
||
| 300 | _axiv, 535 p. : | ||
| 500 | _aIncludes bibliographical references and indexes. | ||
| 650 | _aPhilosophy, Medieval. | ||
| 942 |
_2lcc _cLOAN LOAN |
||
| 999 |
_c32451 _d32448 |
||